KOHA-Header-6

Introductory Econometrics a Modern Approach (Record no. 879)

000 -LEADER
fixed length control field 00315nam a2200121Ia 4500
008 - FIXED-LENGTH DATA ELEMENTS--GENERAL INFORMATION
fixed length control field 190722s9999 xx 000 0 und d
020 ## - INTERNATIONAL STANDARD BOOK NUMBER
International Standard Book Number 978-81-315-2465-7
100 ## - MAIN ENTRY--PERSONAL NAME
Personal name Jaffrey
245 #0 - TITLE STATEMENT
Title Introductory Econometrics a Modern Approach
260 ## - PUBLICATION, DISTRIBUTION, ETC. (IMPRINT)
Place of publication, distribution, etc New Delhi
Name of publisher, distributor, etc Cengage Learning
Date of publication, distribution, etc 2013
300 ## - PHYSICAL DESCRIPTION
Extent 877
942 ## - ADDED ENTRY ELEMENTS (KOHA)
Koha item type Books
Holdings
Withdrawn status Lost status Source of classification or shelving scheme Damaged status Not for loan Collection code Permanent Location Current Location Shelving location Date acquired Total Checkouts Full call number Barcode Date last seen Date checked out Price effective from Koha item type
          Economics MAJU MAJU Shelf No.A48 2019-07-22 3 330.015 7505 2022-04-02 2022-03-26 2019-07-22 Economics

Powered by Koha